[Event "Floripa Chess Open 2024"]
[Site "Florianopolis"]
[Date "2024.01.21"]
[Round "2.92"]
[White "Cunha, Adriano De Jesus Si"]
[Black "Gomes, Adrian Felipe L"]
[Result "1/2-1/2"]
[WhiteElo "2003"]
[BlackElo "1416"]
[PlyCount "122"]
[EventDate "2024.01.20"]
[EventRounds "10"]
[EventCountry "BRA"]

1. d4 Nf6 2. Nf3 g6 3. Bg5 Bg7 4. Bxf6 Bxf6 5. e4 d6 6. h3 O-O 7. Bc4 c5 8. c3
cxd4 9. cxd4 Nc6 10. Nc3 e6 11. Qd2 $146 ({RR} 11. O-O Qb6 12. Ne2 Qxb2 13. Rb1
Qa3 14. Qd2 Qa5 15. Qf4 Qd8 16. e5 dxe5 17. dxe5 Bg7 18. Rfd1 Qc7 19. Rbc1 Nxe5
20. Bb3 Nxf3+ 21. Qxf3 Qe7 22. Qg3 e5 23. Qc3 Be6 24. Qc7 Rfe8 25. Bxe6 Qxe6 {
Gradl,R (1716)-Franke,R (1885) Dresden 2000 0-1 (38)}) 11... d5 12. exd5 Na5
13. Be2 exd5 14. b3 Be6 15. O-O Rc8 16. Rac1 Nc6 17. Na4 b6 18. Ba6 Rc7 19.
Rfe1 Bg7 20. Re3 Bh6 21. Bb5 Na5 22. Rxc7 Qxc7 23. Rc3 Qf4 24. Qxf4 Bxf4 25.
Ba6 f6 26. Nb2 Bd7 27. b4 Nc6 28. Nd3 Bd6 29. a3 Nd8 30. Nb2 Re8 31. Nd1 Ne6
32. Bf1 Nc7 33. Ne3 Kf7 34. g4 Ke6 35. h4 Kf7 36. g5 Rc8 37. gxf6 Kxf6 38. Ng5
h6 39. Bh3 Bxh3 40. Nxh3 Re8 41. Rc6 Ke7 42. h5 Kd7 43. Rc2 gxh5 44. Nf5 Re4
45. f3 Re1+ 46. Kg2 Rd1 47. Nf2 Ra1 48. Nxd6 Kxd6 49. Nd3 Rxa3 50. Ne5 Nb5 51.
Rc6+ Ke7 52. Rxh6 Nxd4 53. f4 Rb3 54. Rxh5 Rxb4 55. Rh7+ Ke6 56. Rxa7 Nb5 57.
Rf7 Re4 58. Rf8 Rxf4 59. Rxf4 Kxe5 60. Rb4 Nd6 61. Rxb6 Nc4 1/2-1/2

[Event "Floripa Chess Open 2024"]
[Site "Florianopolis"]
[Date "2024.01.21"]
[Round "2.93"]
[White "Machado, Luiz Fernando"]
[Black "Guerrero, Alvaro"]
[Result "1-0"]
[WhiteElo "1737"]
[BlackElo "1999"]
[PlyCount "72"]
[EventDate "2024.01.20"]
[EventRounds "10"]
[EventCountry "BRA"]

1. e4 c6 2. d4 d5 3. Nc3 dxe4 4. Nxe4 Bf5 5. Ng3 Bg6 6. h4 h6 7. Nf3 Nd7 8. h5
Bh7 9. Bd3 Bxd3 10. Qxd3 Ngf6 11. Bd2 e6 12. O-O-O Qc7 13. Kb1 c5 14. c4 cxd4
15. Nxd4 a6 ({RR} 15... Bc5 16. Bc3 O-O 17. Ne4 Nxe4 18. Qxe4 Nf6 19. Qf3 Rfd8
20. b3 Qe5 21. Rhe1 Qxh5 22. Qxb7 e5 23. g4 Qh3 24. Nc6 Qxc3 25. Nxd8 Bd4 26.
Rxd4 Qxe1+ 27. Kb2 Qe2+ 28. Ka3 exd4 29. Qxa8 Qe7+ 30. b4 {Efimenko,Z (2640)
-Deviatkin,A (2587) Dagomys 2010 1/2-1/2 (41)}) 16. Rhe1 O-O-O 17. Qe2 $146 ({
RR} 17. Bc3 Bd6 18. Nxe6 fxe6 19. Qxd6 Qxc4 20. Ba5 Nb6 21. Qxb6 Rxd1+ 22. Rxd1
Nd5 23. Qxe6+ {1-0 (23) Abramichev,A-Kuzmin,Y (2138) St Petersburg 2007}) ({RR
} 17. Be3 Bc5 18. Qc2 Ng4 19. Ne4 Nxe3 20. fxe3 Nf6 21. Nxf6 gxf6 22. Nf3 Rxd1+
23. Rxd1 Rd8 24. Rxd8+ Qxd8 25. e4 Qg8 26. Qa4 Qxg2 27. Qe8+ Kc7 28. Qxf7+ Kb8
29. Qxf6 Qf1+ 30. Kc2 Qxc4+ 31. Kd1 Qxe4 {Camacho Calle,P (1990)-Giacomazzi,D 
(2240) Metz 1996 1/2-1/2 (54)}) 17... Bc5 18. Nb3 Kb8 19. Bc3 Ka8 20. Rd3 Bb6
21. Red1 Rc8 22. Ne4 Nxe4 23. Qxe4 Nf6 24. Bxf6 gxf6 25. c5 f5 26. Qf3 Bxc5 27.
Rc3 Qb6 28. Rdc1 Rc6 29. Rxc5 Rxc5 30. Rxc5 Rd8 31. Qc3 Ka7 32. a3 Rd7 33. Ka2
Qd6 34. Rc8 b6 35. Qf3 Rb7 36. Qc6 Qd1 1-0

[Event "Floripa Chess Open 2024"]
[Site "Florianopolis"]
[Date "2024.01.21"]
[Round "2.94"]
[White "Costa, Ricardo Santos"]
[Black "Costa, Flavio Luis Cesar"]
[Result "1/2-1/2"]
[WhiteElo "1731"]
[BlackElo "1994"]
[PlyCount "44"]
[EventDate "2024.01.20"]
[EventRounds "10"]
[EventCountry "BRA"]

1. e4 c6 2. d4 d5 3. exd5 cxd5 4. Nf3 Nc6 5. c4 ({RR} 5. Ne5 e6 6. Bb5 Bd7 7.
Bxc6 Bxc6 8. O-O Bd6 9. Qg4 Qf6 10. Bg5 h5 11. Qh4 Qf5 12. g4 Qxc2 13. Re1 Ne7
14. Nd2 Qh7 15. Bf4 Bxe5 16. Bxe5 hxg4 17. Qxg4 Qf5 18. Qg3 Rh3 19. Qxg7 Kd7 {
Hamdouchi,A (2308)-Sulskis,S (2518) Calvia 2006 0-1 (57)}) 5... Nf6 6. Bd3 ({RR
} 6. Bg5 e6 7. cxd5 Qxd5 8. Nc3 Bb4 9. a3 Bxc3+ 10. bxc3 Ne4 11. Bd2 O-O 12. c4
Qf5 13. Be3 Qa5+ 14. Bd2 Nxd2 15. Qxd2 Rd8 16. Qxa5 Nxa5 17. Be2 b6 18. Rb1 Bb7
19. O-O Rac8 20. c5 bxc5 {Ajay Santhosh Parvathareddy (2204)-Savchenko,B (2489)
Bangalore IND 2024 0-1 (53)}) 6... Bg4 7. Be3 $146 ({RR} 7. Nbd2 Nxd4 8. Qa4+
Bd7 9. Qb4 e5 10. Qxb7 Nxf3+ 11. Nxf3 e4 12. Bf4 exd3 13. cxd5 Qc8 14. Qb3 Qc2
15. O-O Qxb3 16. axb3 Nxd5 17. Bg3 Bb4 18. Rfd1 Bf5 19. Ne5 d2 20. Nc6 Bc2 21.
Nxb4 Bxd1 {Ganesh,K (1602)-Szurgot,D (2002) Uppsala 2009 0-1 (41)}) 7... dxc4
8. Bxc4 e6 9. O-O Be7 10. Nc3 O-O 11. a3 Rc8 12. Be2 a6 13. Rc1 Qa5 14. Qa4
Qxa4 15. Nxa4 Nd5 16. Nc3 Rfd8 17. h3 Bf5 18. Nxd5 exd5 19. Rc3 Na5 20. Rfc1
Rxc3 21. Rxc3 Rc8 22. Rxc8+ Bxc8 1/2-1/2

[Event "Floripa Chess Open 2024"]
[Site "Florianopolis"]
[Date "2024.01.21"]
[Round "2.95"]
[White "Ribeiro, Davison Soares"]
[Black "Santos, Humberto Robson"]
[Result "1-0"]
[WhiteElo "1989"]
[BlackElo "1322"]
[PlyCount "57"]
[EventDate "2024.01.20"]
[EventRounds "10"]
[EventCountry "BRA"]

1. e4 e6 2. d3 Bc5 3. Nf3 ({RR} 3. d4 Bb6 4. Nf3 d5 5. e5 c5 6. c3 Nc6 7. Na3
a6 8. Nc2 Nge7 9. Bd3 cxd4 10. cxd4 Nf5 11. Bxf5 Ba5+ 12. Bd2 exf5 13. O-O h6
14. b4 Bc7 15. a4 g5 16. b5 Na5 17. Bxa5 Bxa5 {Vetemaa,J (2395)-Czajka,Z (2210)
Cappelle-la-Grande 1992 1/2-1/2 (62)}) 3... h6 ({RR} 3... Nc6 4. d4 Bb6 5. c3
d6 6. Bd3 e5 7. d5 Nce7 8. h3 h6 9. a4 a6 10. a5 Ba7 11. Qe2 Bd7 12. Na3 Nf6
13. Be3 Bxe3 14. Qxe3 c6 15. Nc4 Nc8 16. dxc6 Bxc6 17. O-O O-O 18. Rfd1 {
Gomez Fernandez,A (1760)-Zhukovskaya,N (1474) Belgrade SRB 2023 1-0 (65)}) 4.
Nbd2 $146 ({RR} 4. d4 Bb6 5. Be3 Nf6 6. Bd3 Ng4 7. Qd2 Nxe3 8. Qxe3 Qe7 9. Nbd2
Nc6 10. c3 e5 11. Nc4 exd4 12. Nxd4 Nxd4 13. Nxb6 axb6 14. Qxd4 O-O 15. O-O d6
16. Rfe1 Qg5 17. e5 Bh3 18. Qe4 g6 {Carrion Rodriguez,J-Biletska Borysovna,I
Cullera 2007 1-0 (42)}) 4... a6 5. g3 d6 6. d4 Ba7 7. Bg2 c6 8. O-O Nd7 9. Nc4
Qc7 10. e5 d5 11. Nd6+ Ke7 12. Nh4 Qd8 13. c3 Bb8 14. Nxf7 Kxf7 15. Qh5+ g6 16.
Nxg6 Kg7 17. Nxh8 Kxh8 18. Bxh6 Nxh6 19. Qxh6+ Kg8 20. Qxe6+ Kf8 21. Qh6+ Ke8
22. Bf3 Qe7 23. Bh5+ Kd8 24. f4 Nf8 25. f5 Kc7 26. f6 Qd8 27. Qg7+ Kb6 28. Qe7
Bc7 29. Qc5# 1-0

[Event "Floripa Chess Open 2024"]
[Site "Florianopolis"]
[Date "2024.01.21"]
[Round "2.96"]
[White "Constantino, Pedro Henrique"]
[Black "Seccafim, Caic Dos Santos"]
[Result "1/2-1/2"]
[WhiteElo "1728"]
[BlackElo "1986"]
[PlyCount "39"]
[EventDate "2024.01.20"]
[EventRounds "10"]
[EventCountry "BRA"]

1. e4 d6 2. d4 Nf6 3. Nc3 g6 4. Bc4 Bg7 5. h3 O-O 6. Nf3 Nxe4 7. Bxf7+ Rxf7 8.
Nxe4 Nc6 9. O-O ({RR} 9. c3 d5 10. Nc5 e5 11. dxe5 Nxe5 12. Nxe5 Bxe5 13. Be3
c6 14. Qd2 b6 15. Nd3 Bg7 16. O-O-O c5 17. Bh6 Bxh6 18. Qxh6 d4 19. Rhe1 dxc3
20. bxc3 Bf5 21. Ne5 Qf6 22. g4 Be6 23. Qe3 Bxa2 {Escobar Forero,A (2448)
-Munoz Pantoja,M (2484) Montcada 2012 1/2-1/2 (62)}) ({RR} 9. c3 e5 10. Qb3 d5
11. Neg5 Rf5 12. h4 h6 13. Be3 hxg5 14. hxg5 e4 15. Nh4 Rxg5 16. Bxg5 Qxg5 17.
Kf1 Na5 18. Qb5 Nc6 19. Re1 a6 20. Qb3 Ne7 21. Rxe4 c6 22. Re1 Bf6 23. Qb6 Kf7
{Rembecki,R (1366)-Kozak,J (1316) Warsaw POL 2023 1-0}) 9... Bf5 10. Ng3 Bd7
11. c3 $146 ({RR} 11. d5 Ne5 12. Nxe5 Bxe5 13. f4 Bg7 14. Be3 c6 15. Bd4 Bh6
16. f5 cxd5 17. fxg6 Rxf1+ 18. Qxf1 hxg6 19. Qd3 Kh7 20. Rf1 Qg8 21. Nh5 Rf8
22. Re1 e5 23. Bxa7 Bf5 24. Qb5 gxh5 25. Bf2 Be4 {Lorenzo de la Riva,L (2420)
-Nugumanov,B (2354) chess.com INT 2022 0-1 (53)}) ({RR} 11. Be3 e5 12. c3 Qe8
13. Qd2 Qf8 14. Ng5 Re7 15. dxe5 Bxe5 16. h4 Bg7 17. h5 h6 18. Nf3 g5 19. Nd4
Ne5 20. Qc2 Rf7 21. Qb3 Re8 22. Qxb7 a5 23. Nb3 Bc6 24. Qa6 Rb8 25. Rfd1 Rb6 {
Nassar,M (2348)-Jawhar,O (1850) Beirut 2014 1-0 (31)}) 11... e5 12. Ng5 Re7 13.
Qb3+ d5 14. Qxd5+ Be6 15. Qxd8+ Rxd8 16. Nxe6 Rxe6 17. Re1 Kf7 18. Ne4 Rde8 19.
dxe5 Nxe5 20. Be3 1/2-1/2

[Event "Floripa Chess Open 2024"]
[Site "Florianopolis"]
[Date "2024.01.21"]
[Round "2.98"]
[White "Soares, Joao Carlos T. C."]
[Black "El Zwei, Aiman Mohamed"]
[Result "1-0"]
[WhiteElo "1983"]
[BlackElo "1800"]
[PlyCount "45"]
[EventDate "2024.01.20"]
[EventRounds "10"]
[EventCountry "BRA"]

1. d4 d5 2. c4 e6 3. Nc3 Be7 4. e4 dxe4 5. Nxe4 Nf6 6. Nxf6+ Bxf6 7. Nf3 b6 8.
Be2 Bb7 9. O-O O-O 10. Be3 Nd7 11. Qc2 c5 12. Rad1 cxd4 13. Nxd4 Qe7 14. Rfe1
Rfd8 $146 ({RR} 14... Nc5 15. Nb5 Be5 16. f4 Be4 17. Qd2 Bf6 18. Bd4 e5 19.
fxe5 Bh4 20. g3 Bg5 21. Be3 Bxe3+ 22. Qxe3 Qxe5 23. Bf3 Rae8 24. Bxe4 Nxe4 {
1/2-1/2 (24) Camus,B (2065)-Delorme,A (2195) Le Grand Bornand 2003}) 15. Qb1
Ne5 16. b4 Rac8 17. c5 bxc5 18. bxc5 Rxc5 19. Nf5 exf5 20. Bxc5 Qxc5 21. Rxd8+
Bxd8 22. Qxb7 g6 23. Qa8 1-0

[Event "Floripa Chess Open 2024"]
[Site "Florianopolis"]
[Date "2024.01.21"]
[Round "2.99"]
[White "Ferreira De Souza, Ricardo"]
[Black "Ferreira, Andrei Dias"]
[Result "0-1"]
[WhiteElo "1329"]
[BlackElo "1977"]
[PlyCount "48"]
[EventDate "2024.01.20"]
[EventRounds "10"]
[EventCountry "BRA"]

1. e4 c5 2. Nf3 e6 3. d4 cxd4 4. Nxd4 Nc6 5. Be3 Qc7 6. Nc3 a6 7. Bd3 Nf6 8.
Qd2 b5 ({RR} 8... Be7 9. h3 O-O 10. O-O-O Na5 11. Qe2 b5 12. g4 b4 13. Na4 d5
14. e5 Ne4 15. Nf3 b3 16. axb3 Nxb3+ 17. Kb1 Nbc5 18. Nxc5 Nxc5 19. Bxc5 Qxc5
20. h4 Rb8 21. Qd2 Bd7 22. Ng5 Rxb2+ {0-1 (22) AH KYE,B (1708)
-Razanadrakotoarisoa,T (2086) Antananarivo MAD 2024}) 9. Nxc6 $146 ({RR} 9. f3
Bb7 10. O-O-O Ne5 11. Qf2 Be7 12. g4 b4 13. Na4 d5 14. g5 Nfd7 15. Kb1 dxe4 16.
Bxe4 Bxe4 17. fxe4 Ng4 18. Qe2 Nxe3 19. Qxe3 O-O 20. c4 bxc3 21. Qxc3 Qxc3 22.
Nxc3 Ne5 23. h4 Rab8 {Uran Bermudez,O (2103)-Potkin,V (2647) Barcelona 2013
0-1 (45)}) ({RR} 9. O-O-O Bb7 10. f3 Ne5 11. Bxb5 axb5 12. Ndxb5 Qc6 13. Qd4
Nc4 14. Bf4 Bb4 15. Nc7+ Ke7 16. e5 Bxc3 17. exf6+ gxf6 18. Qxc3 Rxa2 19. b3
Na3 20. Bd6+ {1-0 (20) Cao,S (2543)-Horvath,A (2532) Szekesfehervar 2006}) ({RR
} 9. f3 Bb7 10. g4 Rc8 11. O-O-O Qa5 12. Kb1 Bb4 13. Nde2 Ne5 14. Rhf1 O-O 15.
h4 d5 16. Bd4 Nfd7 17. Qf4 f6 18. g5 Nxd3 19. Rxd3 e5 20. Qf5 exd4 21. Qxd7 Rf7
22. Qe6 dxc3 23. gxf6 cxb2 {Diaz Gordo,E (1500)-Ruiz Gutierrez,J (1899) Aragon
2008 0-1 (36)}) 9... dxc6 10. Bf4 e5 11. Bg3 h6 12. f4 Nh5 13. f5 Nxg3 14. hxg3
Be7 15. Qe2 Bg5 16. Qh5 Qb6 17. Qe2 O-O 18. Nb1 Rd8 19. c4 bxc4 20. Bxc4 Qb4+
21. Nc3 Rd2 22. Qf1 Qxb2 23. Bxf7+ Kh8 24. Qc4 Qxa1+ 0-1

[Event "Floripa Chess Open 2024"]
[Site "Florianopolis"]
[Date "2024.01.21"]
[Round "2.101"]
[White "De Souza, Felipe De Deus"]
[Black "Mesquita, Guilherme"]
[Result "0-1"]
[WhiteElo "1276"]
[BlackElo "1975"]
[PlyCount "54"]
[EventDate "2024.01.20"]
[EventRounds "10"]
[EventCountry "BRA"]

1. e4 c5 2. c3 d5 3. exd5 Qxd5 4. d4 cxd4 5. cxd4 e6 6. Nc3 Bb4 7. a3 Bxc3+ 8.
bxc3 Nf6 9. Nf3 O-O 10. Bd3 b6 11. Bg5 $146 ({RR} 11. O-O Ba6 12. Bg5 Bxd3 13.
Qxd3 Nbd7 14. Rfe1 Rac8 15. Rac1 Qb3 16. Bd2 Rfd8 17. Qf1 Qc4 18. Bg5 h6 19.
Bxf6 Nxf6 20. Ne5 Qxf1+ 21. Kxf1 b5 22. Nd3 Nd7 23. Ke2 Rc7 24. Rc2 Nb6 25. Nc5
e5 {Soucek,M (2185)-Korinek,O (2299) Czechia 2010 0-1 (41)}) 11... Nbd7 12. O-O
Bb7 13. c4 Qc6 14. Re1 h6 15. Bh4 Rac8 16. Rc1 Rfe8 17. Bf1 Ne4 18. Ne5 Nxe5
19. dxe5 Qc5 20. Qc2 Qxe5 21. Bg3 Qg5 22. Rcd1 Nxg3 23. hxg3 Red8 24. Rb1 Qc5
25. Rb5 Qxb5 26. cxb5 Rxc2 27. Re3 Rc1 0-1

[Event "Floripa Chess Open 2024"]
[Site "Florianopolis"]
[Date "2024.01.21"]
[Round "2.103"]
[White "Fier, Alexandr"]
[Black "Moro, Antonio Renato Pere"]
[Result "1-0"]
[WhiteElo "2549"]
[BlackElo "1667"]
[PlyCount "99"]
[EventDate "2024.01.20"]
[EventRounds "10"]
[EventCountry "BRA"]

1. e4 e5 2. f4 d5 3. exd5 e4 4. d3 Qxd5 5. Nc3 Bb4 6. Bd2 Bxc3 7. Bxc3 Nf6 8.
dxe4 Qxe4+ 9. Qe2 Bg4 $146 ({RR} 9... Bf5 10. Bxf6 gxf6 11. O-O-O O-O 12. Qxe4
Bxe4 13. Ne2 Nc6 14. Nc3 f5 15. Bb5 a6 16. Bxc6 Bxc6 17. Rhe1 Kh8 18. g3 Rfe8
19. Rxe8+ Rxe8 20. Kd2 b5 21. b4 Kg7 22. Re1 Rd8+ 23. Kc1 Rd4 24. a3 {Mok,T  
(2369)-Tun,S (2153) Kuala Lumpur 2006 1-0 (46)}) ({RR} 9... Qxe2+ 10. Nxe2 O-O
11. Bxf6 gxf6 12. O-O-O Re8 13. Nc3 c6 14. Ne4 Kg7 15. Nd6 Rf8 16. Bc4 b5 17.
Bb3 a5 18. Rhe1 a4 19. Bxf7 Rxf7 20. Nxc8 Na6 21. Nd6 Rfa7 22. Nf5+ Kg6 23.
Ne7+ Kf7 24. Nxc6 {Sychev,K (2547)-Sarana,A (2685) chess.com INT 2023 0-1 (40)}
) ({RR} 9... O-O 10. Bxf6 Qxe2+ 11. Bxe2 gxf6 12. O-O-O Re8 13. Bf3 c6 14. Ne2
Na6 15. Ng3 Nc5 16. Nh5 Kh8 17. Nxf6 Rf8 18. g4 Ne6 19. f5 Ng5 20. Bg2 h6 21.
h4 Nh7 22. Nh5 Rg8 23. Bf3 Re8 24. Rd6 {Tica,S (2439)-Svane,F (2577) chess.com
INT 2023 1/2-1/2 (38)}) ({RR} 9... Bf5 10. O-O-O Nbd7 11. h3 O-O-O 12. Rd4 Qc6
13. Nf3 Rhe8 14. Qc4 Qe6 15. Ng5 Qe7 16. g4 Nb6 17. Rxd8+ Rxd8 18. Qe2 Qxe2 19.
Bxe2 Be4 20. Rg1 Rd7 21. Bxf6 {1-0 (21) Kalata,P (2182)-Andras,T (1851)
Slovakia 2006}) 10. Qxe4+ Nxe4 11. Bxg7 Rg8 12. Be5 Nd7 13. Bd3 Ndc5 14. Bc4
O-O-O 15. Nf3 Be6 16. Bxe6+ Nxe6 17. O-O f6 18. Rae1 fxe5 19. Rxe4 Nxf4 20. g3
Ng6 21. Rfe1 Rde8 22. Nxe5 Nxe5 23. Rxe5 Rxe5 24. Rxe5 Kd7 25. Kg2 Rg6 26. Re2
a5 27. h4 b6 28. Kh3 h5 29. Re5 Rh6 30. a4 Kd6 31. Rg5 Rh7 32. b3 Ke6 33. Kg2
Kd6 34. Kf3 Rh6 35. Kf4 Ke6 36. Rg7 Rf6+ 37. Ke4 Kd6 38. Rh7 Re6+ 39. Kf5 Re5+
40. Kg6 Re3 41. Rxh5 Rxg3+ 42. Rg5 Re3 43. h5 Re6+ 44. Kg7 Re7+ 45. Kf8 Re2 46.
h6 Kd7 47. h7 Re8+ 48. Kg7 Re7+ 49. Kh6 Re2 50. h8=Q 1-0

[Event "Floripa Chess Open 2024"]
[Site "Florianopolis"]
[Date "2024.01.21"]
[Round "2.104"]
[White "Menna Barreto, Felipe Kubiaki"]
[Black "Pavoni, Felipe Stevanin"]
[Result "1-0"]
[WhiteElo "2278"]
[BlackElo "1662"]
[PlyCount "89"]
[EventDate "2024.01.20"]
[EventRounds "10"]
[EventCountry "BRA"]

1. d4 Nf6 2. c4 g6 3. Nc3 Bg7 4. e4 d6 5. f3 O-O 6. Bg5 Na6 7. Qd2 e5 8. dxe5
dxe5 9. Qxd8 Rxd8 10. Nd5 Rd6 11. O-O-O Nxd5 12. cxd5 f6 $146 ({RR} 12... Bf6
13. Be3 Bd7 14. Kb1 Bg7 15. Rc1 Rc8 16. Ne2 c6 17. Nc3 cxd5 18. Bxa6 Rxa6 19.
Nxd5 Rxc1+ 20. Rxc1 Bc6 21. Nb4 Ra5 22. Nxc6 bxc6 23. Rxc6 Bf8 24. Rc7 a6 25.
Ra7 Kg7 26. Bb6 Ra4 27. b3 {Galje,H (2143)-Post,M (1972) Utrecht 2011 1-0 (35)}
) 13. Be3 f5 14. Ne2 Bd7 15. Nc3 Rd8 16. Bc4 Kh8 17. Kb1 Be8 18. Bxa7 c6 19.
Bxa6 bxa6 20. Bc5 R6d7 21. dxc6 Rxd1+ 22. Rxd1 Rxd1+ 23. Nxd1 Bxc6 24. Nc3 Kg8
25. b4 Kf7 26. Kc2 Ke6 27. Kd3 Bh6 28. Be3 Bf8 29. Kc4 Kd7 30. a4 Be7 31. b5
axb5+ 32. axb5 Bb7 33. Bc5 Bh4 34. Kd3 h5 35. Na4 Bd8 36. Bb4 h4 37. Nc5+ Kc8
38. Nxb7 Kxb7 39. h3 Kb6 40. Kc4 fxe4 41. fxe4 Bg5 42. Bd6 Bf4 43. Be7 Bg3 44.
Bd8+ Kb7 45. Kd5 1-0

[Event "Floripa Chess Open 2024"]
[Site "Florianopolis"]
[Date "2024.01.21"]
[Round "2.106"]
[White "Ferreira, Jose Carlos"]
[Black "Sega, Carlos Alberto"]
[Result "0-1"]
[WhiteElo "1624"]
[BlackElo "2193"]
[PlyCount "52"]
[EventDate "2024.01.20"]
[EventRounds "10"]
[EventCountry "BRA"]

1. d4 Nf6 2. c4 e6 3. Nc3 Bb4 4. Bd2 O-O 5. e3 b6 6. Be2 Bb7 7. Bf3 c6 8. Nge2
d5 9. cxd5 cxd5 $146 ({RR} 9... exd5 10. O-O Nbd7 {1/2-1/2 (10) Jeremic,V  
(2334)-Zivanic,M (2418) Stara Pazova 2001}) 10. O-O Nc6 11. a3 Bd6 12. g3 Rc8
13. Bg2 Qd7 14. Rc1 Na5 15. Rc2 Ba6 16. Bc1 Bc4 17. b4 Nb7 18. Rd2 b5 19. Re1
a5 20. e4 axb4 21. axb4 dxe4 22. Rb2 Bxe2 23. Nxe2 Rc4 24. Bd2 Be7 25. Qb1 Nd6
26. Nc3 Rxd4 0-1

[Event "Floripa Chess Open 2024"]
[Site "Florianopolis"]
[Date "2024.01.21"]
[Round "2.107"]
[White "De Carvalho, Vitor Augusto Ponci"]
[Black "Bonilla Viamonte, Diego Armando"]
[Result "1-0"]
[WhiteElo "2124"]
[BlackElo "1620"]
[PlyCount "83"]
[EventDate "2024.01.20"]
[EventRounds "10"]
[EventCountry "BRA"]

1. e4 c6 2. d4 d5 3. f3 e6 4. Nc3 Bb4 5. a3 Ba5 ({RR} 5... Bxc3+ 6. bxc3 Ne7 7.
a4 b6 8. h4 Ba6 9. Bxa6 Nxa6 10. h5 h6 11. Rh3 O-O 12. Rg3 Kh8 13. Qd2 f5 14.
e5 Qe8 15. Ne2 Qxh5 16. Kf2 c5 17. Rh3 Qf7 18. Qd3 Nc7 19. Bg5 Ng8 20. Rah1 {
Vallejo Pons,F (2712)-Anton Guijarro,D (2690) chess.com INT 2023 1-0}) 6. Be3 (
{RR} 6. Bd3 Nd7 7. Nh3 Ngf6 8. e5 Ng8 9. O-O Bxc3 10. bxc3 b6 11. f4 Ne7 12. f5
exf5 13. Bg5 f6 14. exf6 Nxf6 15. Bxf6 gxf6 16. Qh5+ Kd7 17. Bxf5+ Nxf5 18.
Rxf5 Kc7 19. Qf7+ Kb8 20. Rxf6 Rg8 {Rogov,M (2200)-Viana,V (1792) chess.com
INT 2024 1-0}) 6... Nd7 $146 ({RR} 6... Ne7 7. Nh3 O-O 8. Be2 e5 9. dxe5 Bxh3
10. gxh3 Nd7 11. f4 dxe4 12. Qd4 Nd5 13. Qxe4 Qh4+ 14. Bf2 Bxc3+ 15. bxc3 Qxf4
16. Bd3 Qxe4+ 17. Bxe4 Nxc3 18. Bg2 Rfe8 19. Bd4 Nd5 20. O-O Nxe5 21. Rab1 {
Franklin,S (2302)-Le Roux,J (2549) Reading 2017 0-1 (34)}) ({RR} 6... Ne7 7.
Bd3 Nd7 8. b4 Bb6 9. Qd2 a5 10. Rb1 axb4 11. axb4 e5 12. Nge2 exd4 13. Nxd4 Ne5
14. Be2 dxe4 15. Nxe4 O-O 16. c4 Nf5 17. c5 Nxe3 18. Qxe3 Bc7 19. O-O Re8 20.
Rfd1 Qe7 21. Nd6 {Shukhman,A (2161)-Solozhenkina,E (2295) Khanty-Mansiysk RUS
2022 1/2-1/2 (49)}) 7. Qd2 Ne7 8. h4 Qc7 9. O-O-O Bxc3 10. Qxc3 a6 11. h5 b5
12. h6 g6 13. Nh3 f6 14. Bf4 Qb6 15. Bd6 a5 16. g4 Ba6 17. Re1 Rc8 18. Nf4 c5
19. dxc5 Nxc5 20. Bxc5 Rxc5 21. Qxf6 Rf8 22. Qxe6 Rc6 23. Qxe7+ Kxe7 24. Nxd5+
Ke6 25. Nxb6 Rxb6 26. Bd3 Rxf3 27. e5 Rb8 28. Rhf1 Rxf1 29. Rxf1 Ke7 30. Kd2
Bc8 31. g5 Bd7 32. Ke3 Be6 33. Rd1 b4 34. axb4 Rxb4 35. b3 Rg4 36. Ra1 Rxg5 37.
Rxa5 Rh5 38. Ra7+ Bd7 39. Kd4 Ke8 40. Kd5 Rxh6 41. e6 Bc8 42. Ra8 1-0

[Event "Floripa Chess Open 2024"]
[Site "Florianopolis"]
[Date "2024.01.21"]
[Round "2.108"]
[White "Lemes, Cintia"]
[Black "Almeida Junior, Alvaro Alves De"]
[Result "0-1"]
[WhiteElo "1576"]
[BlackElo "2099"]
[PlyCount "52"]
[EventDate "2024.01.20"]
[EventRounds "10"]
[EventCountry "BRA"]

1. e4 {Kostakiev,D} c5 2. c3 Qa5 3. Nf3 ({RR} 3. b4 cxb4 4. cxb4 Qxb4 5. Nc3 e6
) 3... d6 ({RR} 3... Nc6 4. Na3 e6 5. Nc4 Qc7 6. d4) 4. Bc4 Nf6 5. e5 dxe5 6.
Nxe5 e6 7. O-O ({RR} 7. Qe2 Bd6 8. O-O O-O 9. d4 cxd4 10. cxd4 Nc6 11. Nxc6
bxc6 12. Nd2 Bb7 13. Nb3 Qc7 ({RR} 13... Qf5) 14. h3 ({RR} 14. Bg5 Bxh2+ 15.
Kh1 Bd6 16. Bxf6 gxf6 17. Qg4+ Kh8 18. Qh4 Be7 19. Nc5 Rg8) 14... a5 ({RR} 
14... c5 15. dxc5 Bxc5 16. Nxc5 Qxc5 17. b3) 15. Bd2 a4 16. Nc5 Bxc5 ({RR} 
16... Nd7 17. Bd3) 17. dxc5 Qc8 18. Bf4 Ba6 19. b4 Nd5 20. Bd6 Re8 ({RR} 20...
Bxc4 21. Qxc4 Rd8) 21. a3 Nc3 {Pavasovic,D (2581)-Kozul,Z (2565) Solin/Spilt
2002 CBM 093 [Kostakiev,D] 0-1 (53)} ({RR} 21... e5 22. Bxa6 Qxa6 23. Qxa6 Rxa6
24. Rfd1)) 7... Bd6 8. f4 O-O 9. d4 $146 ({RR} 9. Qe2 Qc7 10. d3 Nc6 11. Re1
Na5 12. Nd2 Nd5 13. Qe4 Nb6 14. a3 f6 15. Nef3 Naxc4 16. Nxc4 f5 17. Qe3 Nd5
18. Qf2 Bxf4 19. Bxf4 Nxf4 20. Nce5 b6 21. d4 Bb7 22. Ng5 Nxg2 23. Nxe6 Qd6 {
Muzik,M (2260)-Prymula,R (2277) Czechia 2006 0-1 (31)}) 9... Nbd7 10. Bd3 Qc7
11. Nd2 b6 12. Ne4 Bb7 13. Nxd6 Qxd6 14. Be3 Nd5 15. dxc5 Nxc5 16. Bxc5 Qxc5+
17. Kh1 Ne3 18. Qe2 Bxg2+ 19. Kg1 Bxf1 20. Rxf1 Nxf1+ 21. Kxf1 Rad8 22. Qe4
Rxd3 23. Qxd3 Rc8 24. Qd7 Qc7 25. Qd3 f6 26. Nd7 Rd8 0-1

[Event "Floripa Chess Open 2024"]
[Site "Florianopolis"]
[Date "2024.01.21"]
[Round "2.110"]
[White "Nazario Sebastiao, Mariani"]
[Black "Silva, Guilherme Henrique"]
[Result "0-1"]
[WhiteElo "1530"]
[BlackElo "2068"]
[PlyCount "78"]
[EventDate "2024.01.20"]
[EventRounds "10"]
[EventCountry "BRA"]

1. e4 c5 2. Nf3 d6 3. d4 cxd4 4. Nxd4 Nf6 5. Nc3 a6 6. f3 e5 7. Nb3 Be6 8. Be3
Be7 9. Qd2 O-O 10. O-O-O Nbd7 11. g4 b5 12. h4 b4 13. Nd5 Bxd5 14. exd5 a5 15.
Kb1 Nb6 16. Bxb6 Qxb6 17. h5 a4 18. Nc1 Ra5 ({RR} 18... Nd7 19. Bd3 h6 20. Qe2
Bg5 21. Bf5 Nf6 22. Qc4 Ra5 23. Qc6 Qb8 24. Rd3 a3 25. Nb3 Ra7 26. bxa3 Rxa3
27. Rhd1 Qa7 28. Qxd6 Rxa2 29. Qxb4 Ra8 30. Qc3 Nd7 31. Be4 Nb6 32. d6 Rd8 33.
Qc5 {Nosov,M (2183)-Efimenko,Z (2660) Alushta 2008 0-1 (33)}) ({RR} 18... b3
19. cxb3 axb3 20. a3 Rfc8 21. g5 Nd7 22. Bh3 Rc2 23. Qd3 Nc5 24. Qe3 Rxb2+ 25.
Kxb2 Na4+ 26. Kb1 Qxe3 {0-1 (26) Ferrufino,B (1884)-Kubicka,A (2284) chess.com
INT 2023}) 19. Bc4 h6 $146 ({RR} 19... e4 20. g5 e3 21. Qd3 Nd7 22. f4 Qc5 23.
Qe4 Re8 24. Bd3 Nf8 25. f5 Qxd5 26. Qg4 Qe5 27. f6 a3 28. c3 axb2 {0-1 (28)
Saulyte,E (1974)-Kalashyan,V Urgup 2004}) ({RR} 19... Rc8 20. b3 axb3 21. cxb3
Rcc5 22. g5 Nxd5 23. Bxd5 Rxd5 24. Qxd5 Rxd5 25. Rxd5 Bxg5 26. Nd3 Qb7 27. Rxd6
Be7 28. Nc5 Qxf3 29. Rdd1 Bxc5 30. Rd8+ Bf8 31. Rc1 Qf5+ 32. Ka1 Qf6 33. Rcc8
Qe7 34. Re8 {Saakian,F (2111)-Da Silva Borges,R (2057) Belgorod 2007 0-1 (54)})
20. g5 hxg5 21. h6 g6 22. Qxg5 Kh8 23. Qd2 Rc8 24. Qd3 Qc7 25. b3 Nd7 26. Qe3
Nb6 27. Qd2 Nxc4 28. bxc4 Qxc4 29. Ne2 Rac5 30. Rc1 Rxd5 31. Qe3 Qc5 32. Qg1
Qc4 33. Qa7 Qc7 34. Qxa4 Bg5 35. f4 exf4 36. Rcd1 Rxd1+ 37. Rxd1 Bf6 38. Qb3 f3
39. Qxf3 Qxc2# 0-1